000
00198nam a2200085Ia 4500
008
120527s9999 xx 000 0 und d
100
_a
Smith & Vetter
245
_a
Theories of personality
942
_c
BK
999
_c
27507
_d
27507